| 000 | 004070000a22001570004500 | ||
|---|---|---|---|
| 001 | 001725 | ||
| 003 | MACL | ||
| 040 | _aMACL | ||
| 090 |
_c13718 _d13717 |
||
| 100 | _aNair, P. Thankappan | ||
| 245 |
_aEchoes From Belvedere _bHome Of National Library, Kolkata _cP. Thankappan Nair |
||
| 260 |
_aAssociated Book Agency, _c2004 |
||
| 350 | _a500 | ||
| 650 | _aLibrary & Information Science | ||
| 942 |
_k20 _cBook |
||
| 999 |
_c13642 _d13642 |
||